Fundamental of Networking in Java (Record no. 30250)

MARC details
000 -LEADER
fixed length control field 00353nam a2200157Ia 4500
020 ## - INTERNATIONAL STANDARD BOOK NUMBER
ISBN 1-84628-030-3
100 ## - STATEMENT OF RESPONSIBILITY--MAIN AUTHOR NAME
Personal name Esmond
245 #0 - TITLE STATEMENT
Title Fundamental of Networking in Java
260 ## - PUBLICATION, DISTRIBUTION, ETC. (IMPRINT)
Name of publisher Springa
260 ## - PUBLICATION, DISTRIBUTION, ETC. (IMPRINT)
Year of publication 2006
300 ## - PHYSICAL DESCRIPTION
Number of Pages 381 p
650 ## - SUBJECT ADDED ENTRY--TOPICAL TERM
Topical Term Networking
942 ## - ADDED ENTRY ELEMENTS (KOHA)
Koha item type Books
Holdings
Withdrawn status Lost status Source of classification or shelving scheme Damaged status Not for loan Permanent Location Current Location Date acquired Accession Number Price effective from Koha item type
    Library of Congress Classification     NILE UNIVERSITY OF NIGERIA - MAIN LIBRARY NILE UNIVERSITY OF NIGERIA - MAIN LIBRARY 04/23/2025 0001282 04/23/2025 Books